La auditoría general de la ciudad de Buenos Aires en la creación de estándares normativos de lucha contra la corrupción (Registro nro. 24013)
[ vista simple ]
| 000 -LEADER | |
|---|---|
| fixed length control field | 00395 a2200109 4500 |
| 001 - CONTROL NUMBER | |
| control field | ART_31276 |
| 005 - DATE AND TIME OF LATEST TRANSACTION | |
| control field | 20260410161840.0 |
| 008 - FIXED-LENGTH DATA ELEMENTS--GENERAL INFORMATION | |
| fixed length control field | 260409a |
| 100 1# - MAIN ENTRY--PERSONAL NAME | |
| Personal name | Favero, Bettina A. |
| 245 10 - TITLE STATEMENT | |
| Title | La auditoría general de la ciudad de Buenos Aires en la creación de estándares normativos de lucha contra la corrupción |
| 773 0# - HOST ITEM ENTRY | |
| Title | RAP |
| Related parts | - Año 36, Nº 421 (oct. 2013) |
| Record control number | REV5941 |
No hay ítems disponibles.